The Ruby key / (Record no. 6129)
[ view plain ]
| 000 -LEADER | |
|---|---|
| fixed length control field | 01050nam a22002657a 4500 |
| 001 - CONTROL NUMBER | |
| control field | 6129 |
| 003 - CONTROL NUMBER IDENTIFIER | |
| control field | FISKH |
| 005 - DATE AND TIME OF LATEST TRANSACTION | |
| control field | 20250318091735.0 |
| 008 - FIXED-LENGTH DATA ELEMENTS--GENERAL INFORMATION | |
| fixed length control field | 250318b cb ||||| |||| 00| 0 eng d |
| 020 ## - INTERNATIONAL STANDARD BOOK NUMBER | |
| International Standard Book Number | 9780545000130 |
| 040 ## - CATALOGING SOURCE | |
| Original cataloging agency | FISKH |
| Language of cataloging | eng |
| Transcribing agency | FISKH |
| Modifying agency | FISKH |
| 050 ## - LIBRARY OF CONGRESS CALL NUMBER | |
| Classification number | PZ7.L69116 R |
| 082 ## - DEWEY DECIMAL CLASSIFICATION NUMBER | |
| Classification number | 813.6 |
| 100 ## - MAIN ENTRY--PERSONAL NAME | |
| Personal name | Lisle, Holly |
| 245 ## - TITLE STATEMENT | |
| Title | The Ruby key / |
| Statement of responsibility, etc. | By Holly Lisle |
| 250 ## - EDITION STATEMENT | |
| Edition statement | First Scholastic paperback printing, April 2009 |
| 260 ## - PUBLICATION, DISTRIBUTION, ETC. | |
| Place of publication, distribution, etc. | New York : |
| Name of publisher, distributor, etc. | Scholastic ; |
| Date of publication, distribution, etc. | 2008. |
| 300 ## - PHYSICAL DESCRIPTION | |
| Extent | 361 pages : |
| Other physical details | illustrations ; |
| Dimensions | 20 cm . |
| 490 ## - SERIES STATEMENT | |
| Series statement | Moon and sun |
| 520 ## - SUMMARY, ETC. | |
| Summary, etc. | In a world where an uneasy peace binds Humans and Nightlings, fourteen-year-old Genna and her twelve-year-old brother Dan learn of their uncle's plot to gain immortality in exchange for human lives, and the two strike their own bargain with the Nightling lord, which sets them on a dangerous journey along the Moonroads in search of a key. |
| 650 ## - SUBJECT ADDED ENTRY--TOPICAL TERM | |
| Topical term or geographic name entry element | Adventure |
| Form subdivision | Fiction |
| 650 ## - SUBJECT ADDED ENTRY--TOPICAL TERM | |
| Topical term or geographic name entry element | Sun and moon |
| Form subdivision | Fiction |
| 942 ## - ADDED ENTRY ELEMENTS (KOHA) | |
| Source of classification or shelving scheme | Dewey Decimal Classification |
| Koha item type | Books |
| Suppress in OPAC | No |
| Withdrawn status | Lost status | Source of classification or shelving scheme | Damaged status | Not for loan | Collection | Home library | Current library | Shelving location | Date acquired | Total Checkouts | Full call number | Barcode | Date last seen | Date last checked out | Price effective from | Koha item type |
|---|---|---|---|---|---|---|---|---|---|---|---|---|---|---|---|---|
| Dewey Decimal Classification | Fiction | Footprints International School Library Network Toul Tom Poung Campus | Footprints International School Library Network Toul Tom Poung Campus | TTP Secondary Fiction Bookshelves | 03/18/2025 | 1 | LIS 813.6 PZ7.L69116 R | 2025-0790 | 10/28/2025 | 10/21/2025 | 03/18/2025 | Books |
